| 000 | 00907nam0a2200277 4500 | ||
|---|---|---|---|
| 001 | RU\NLR\BIBL_A\021981753 | ||
| 005 | 20250128194045.0 | ||
| 035 | _a(NLR Aleph) 021981753 | ||
| 090 |
_a13316407 _c13316407 |
||
| 100 | _a20230715d1982 m y0rusy50 ca | ||
| 101 | 0 | _achv | |
| 102 | _aRU | ||
| 105 | _aa z 000 y | ||
| 181 | 0 |
_ai _baxxe |
|
| 182 | 0 | _an | |
| 200 | 1 |
_aВыляр-ха шашкăлла _fН. И. Дмитриев, СССР спорт мастерě |
|
| 203 |
_aТекст _bвизуальный _cнепосредственный |
||
| 210 |
_aШупашкар _cЧǎваш кěнеке изв-ви _d1982 |
||
| 215 |
_a78,[1] с. _d20 |
||
| 541 | 1 |
_aУчитесь играть в шашки _zrus |
|
| 686 | 1 | _aЧ515.82 | |
| 700 | 1 |
_aДмитриев _bН. И. _gНиколай Иванович _4070 |
|
| 852 |
_aNLR _bОНЛ _jЧув./2-4031 |
||
| 942 | _cBOOK | ||
| 980 | _aNB | ||